Random cities in italy - Statistics

General Stats
  • This quiz has been taken 43 times
  • The average score is 7 of 19
Answers on the Grid
Answers color-coded by a green-red scale on the quiz's grid according to % correct below.
savona
assisi
verona
dalmarka
forli
bastia
vicenza
pescara
monaco di baviera
terassa
pontevedra
portici
varese
matera
rho
lugo
agrigento
teramo
vigo
pordenone
oviedo
bitonto
palma
ardea
gallarte
geneva
tivoli
colmar
modica
benevento
arras
jena
 
Answer Stats
Answer % Correct
verona
87%
assisi
71%
savona
65%
vicenza
61%
pescara
52%
forli
48%
varese
42%
matera
39%
agrigento
35%
benevento
35%
teramo
32%
bitonto
26%
modica
26%
pordenone
26%
tivoli
23%
gallarte
19%
portici
19%
rho
16%
ardea
13%
No matching quizzes found
Score Distribution
Percent of People with Each Score
Percentile by Number Answered
Your Score History
You have not taken this quiz